LEADER 02566nas 2200685-a 450 001 9910717346703321 005 20240824213016.0 035 $a(CKB)110978978191426 035 $a(CONSER)---74610590- 035 $a(EXLCZ)99110978978191426 100 $a20741230b19711982 -a- a 101 0 $aeng 181 $ctxt$2rdacontent 182 $cc$2rdamedia 183 $acr$2rdacarrier 200 00$aMarihuana and health 205 $a[Departmental edition]. 210 $a[Rockville, Md.] $c[Department of Health, Education, and Welfare]$d[1971-1982] 215 $a1 online resource 225 1 $a1974-1980: DHEW publication ;$vno. (ADM) 225 1 $a1982: DHHS publication ;$vno. (ADM) 300 $a"Annual report to the U.S. Congress from the Secretary of Health, Education, and Welfare" (varies slightly). 300 $aTitle from cover. 311 08$aPrint version: Marihuana and health. 0272-2046 (DLC) 74610590 (OCoLC)1124763 410 0$aDHEW publication ;$vno. (ADM) 410 0$aDHHS publication ;$vno. (ADM) 517 3 $aMarijuana and health 531 $aMARIJUANA AND HEALTH ANNUAL REPORT TO THE US CONGRESS FROM THE SECRETARY OF HEA 606 $aMarijuana$vPeriodicals 606 $aDrug abuse$zUnited States$vPeriodicals 606 $aDrugs$xPhysiological effect$vPeriodicals 606 $aCannabis 606 $aSubstance-Related Disorders 606 $aDrug abuse$2fast$3(OCoLC)fst00898480 606 $aDrugs$xPhysiological effect$2fast$3(OCoLC)fst00898862 606 $aMarijuana$2fast$3(OCoLC)fst01009256 606 $aMedication$2homoit$3https://homosaurus.org/v3/homoit0001007 607 $aUnited States$2fast$1https://id.oclc.org/worldcat/entity/E39PBJtxgQXMWqmjMjjwXRHgrq 608 $aPeriodical. 608 $aPeriodicals.$2fast 608 $aPeriodicals.$2lcgft 615 0$aMarijuana 615 0$aDrug abuse 615 0$aDrugs$xPhysiological effect 615 2$aCannabis. 615 2$aSubstance-Related Disorders. 615 7$aDrug abuse. 615 7$aDrugs$xPhysiological effect. 615 7$aMarijuana. 615 7$aMedication. 676 $a362.2/93 712 02$aUnited States.$bDepartment of Health, Education, and Welfare, 712 02$aNational Institute of Mental Health (U.S.) 712 02$aNational Institute on Drug Abuse. 712 02$aUnited States.$bDepartment of Health and Human Services, 906 $aJOURNAL 912 $a9910717346703321 920 $aexl_impl conversion 996 $aMarihuana and health$93358957 997 $aUNINA